Russia : (Record no. 923)

MARC details
000 -LEADER
fixed length control field 01165cam a22002894a 4500
005 - DATE AND TIME OF LATEST TRANSACTION
control field 20260322212039.0
008 - FIXED-LENGTH DATA ELEMENTS--GENERAL INFORMATION
fixed length control field data
010 ## - LIBRARY OF CONGRESS CONTROL NUMBER
LC control number 2006484131
020 ## - INTERNATIONAL STANDARD BOOK NUMBER
International Standard Book Number 885440070X
020 ## - INTERNATIONAL STANDARD BOOK NUMBER
International Standard Book Number 9788854400702
040 ## - CATALOGING SOURCE
Original cataloging agency DLC
Transcribing agency DLC
Modifying agency DLC
043 ## - GEOGRAPHIC AREA CODE
Geographic area code e-ru---
050 00 - LIBRARY OF CONGRESS CALL NUMBER
Classification number DK510.25
Item number .A43 2006
099 ## - LOCAL FREE-TEXT CALL NUMBER (OCLC)
Classification number 914.7 Alb 2006
001 - CONTROL NUMBER
control field data
100 1# - MAIN ENTRY--PERSONAL NAME
Personal name Alberti, Arnaldo.
245 10 - TITLE STATEMENT
Title Russia :
Remainder of title a crossroads between history and nature /
Statement of responsibility, etc. Arnaldo Alberti.
250 ## - EDITION STATEMENT
Edition statement New, updated ed.
260 ## - PUBLICATION, DISTRIBUTION, ETC.
Place of publication, distribution, etc. Vercelli, Italy :
Name of publisher, distributor, etc. White Star Publishers,
Date of publication, distribution, etc. c2006.
300 ## - PHYSICAL DESCRIPTION
Extent 128 p. :
Other physical details chiefly col. ill., col. map ;
Dimensions 29 cm.
651 #0 - SUBJECT ADDED ENTRY--GEOGRAPHIC NAME
Geographic name Russia (Federation)
Form subdivision Pictorial works.
856 42 - ELECTRONIC LOCATION AND ACCESS
Materials specified Contributor biographical information
Uniform Resource Identifier <a href="http://www.loc.gov/catdir/enhancements/fy0623/2006484131-b.html">http://www.loc.gov/catdir/enhancements/fy0623/2006484131-b.html</a>
856 42 - ELECTRONIC LOCATION AND ACCESS
Materials specified Publisher description
Uniform Resource Identifier <a href="http://www.loc.gov/catdir/enhancements/fy0623/2006484131-d.html">http://www.loc.gov/catdir/enhancements/fy0623/2006484131-d.html</a>
906 ## - LOCAL DATA ELEMENT F, LDF (RLIN)
a 7
b cbc
c origres
d 2
e ncip
f 20
g y-gencatlg
925 0# -
-- acquire
-- 1 shelf copies
-- policy default
955 ## - COPY-LEVEL INFORMATION (RLIN)
-- le04 2006-10-06 to BCCD
Holdings
Withdrawn status Lost status Damaged status Not for loan Home library Current library Shelving location Date acquired Total checkouts Full call number Barcode Date last seen Price effective from Koha item type
        Pleasant Valley Pleasant Valley General stacks 22/03/2026   DK510.25 .A43 2006 BC0010954 22/03/2026 22/03/2026 Books